000 00329nam a2200157Ia 4500
100 _aManza/Ramesh
650 _aMatlab
942 _cBK
366 _f20
654 _aGUI
245 _aUnderstanding GUI using Matlab for students
260 _bSPD
_c2015
082 _bMAN
300 _a398
546 _aENGLISH
_celectronics
999 _c25073
_d25073